[Event "CZE-chT2C 1516"]
[Site "Czech Republic"]
[Date "2015.12.06"]
[Round "4.7"]
[White "Stukheil, Martin"]
[Black "Skacel, Jan"]
[Result "1/2-1/2"]
[WhiteElo "1967"]
[BlackElo "2023"]
[PlyCount "37"]
[EventDate "2015.10.18"]
[EventType "team-tourn"]
[EventRounds "11"]
[EventCountry "CZE"]
[SourceTitle "EXT 2022"]
[Source "ChessBase"]
[SourceDate "2021.10.06"]
[SourceVersion "1"]
[SourceVersionDate "2021.10.06"]
[SourceQuality "1"]
[WhiteTeam "Svetla nad Sazavou"]
[BlackTeam "Ricany"]
[WhiteTeamCountry "CZE"]
[BlackTeamCountry "CZE"]

1. e4 c5 2. Nc3 Nc6 3. g3 g6 4. Bg2 Bg7 5. d3 d6 6. Be3 e6 7. Qd2 Qa5 8. Nge2 Nd4 9. 0-0 Ne7 10. Nc1 Nec6 11. Nb3 Qb4 12. Rac1 0-0 13. Rfe1 a5 14. Nd1 Qxd2 15. Nxd2 Nb4 16. Bxd4 cxd4 17. a3 Bh6 18. f4 Nc6 19. Nc4 1/2-1/2

[Event "Kouty nad Desnou op-A"]
[Site "Kouty nad Desnou"]
[Date "2010.03.12"]
[Round "8"]
[White "Starek, Stanislav"]
[Black "Stukheil, Martin"]
[Result "0-1"]
[WhiteElo "1787"]
[BlackElo "1901"]
[PlyCount "68"]
[EventDate "2010.03.06"]
[EventType "swiss"]
[EventRounds "9"]
[EventCountry "CZE"]
[SourceTitle "CBM 135 Extra"]
[Source "ChessBase"]
[SourceDate "2010.05.04"]
[SourceVersion "1"]
[SourceVersionDate "2010.05.04"]
[SourceQuality "1"]

1. c4 e5 2. Nc3 Nc6 3. g3 Nf6 4. Bg2 Bc5 5. e3 d6 6. Nge2 a6 7. 0-0 0-0 8. b3 Bf5 9. d4 exd4 10. exd4 Ba7 11. Bb2 Re8 12. Qd2 Qd7 13. Nd5 Nxd5 14. Bxd5 Re7 15. Nf4 Rae8 16. Rfe1 Nd8 17. Bg2 Nc6 18. Rxe7 Qxe7 19. Nd5 Qe2 20. Qxe2 Rxe2 21. Bc3 Nxd4 22. Nxc7 Rc2 23. Bxd4 Bxd4 24. Rf1 Bd3 25. Rd1 Bxf2+ 26. Kh1 Bc5 27. Bxb7 Be2 28. Rb1 Rxa2 29. h4 Bf2 30. Nxa6 Bxg3 31. h5 d5 32. Nb4 Bf3+ 33. Kg1 Bh2+ 34. Kf1 Bg2+ 0-1

[Event "Kouty nad Desnou op-A"]
[Site "Kouty nad Desnou"]
[Date "2010.03.07"]
[Round "2"]
[White "Stukheil, Martin"]
[Black "Macek, Oldrich"]
[Result "1-0"]
[WhiteElo "1901"]
[BlackElo "1601"]
[PlyCount "59"]
[EventDate "2010.03.06"]
[EventType "swiss"]
[EventRounds "9"]
[EventCountry "CZE"]
[SourceTitle "CBM 135 Extra"]
[Source "ChessBase"]
[SourceDate "2010.05.04"]
[SourceVersion "1"]
[SourceVersionDate "2010.05.04"]
[SourceQuality "1"]

1. e4 c5 2. Nc3 Nc6 3. g3 g6 4. Bg2 Bg7 5. Nge2 e6 6. d3 Nge7 7. Be3 Nd4 8. Qd2 0-0 9. 0-0 Nec6 10. Nd1 e5 11. c3 Ne6 12. f4 exf4 13. Nxf4 Nxf4 14. Bxf4 d6 15. Re1 Bd7 16. Bxd6 Re8 17. Bxc5 Qc7 18. Bf2 Rad8 19. d4 f6 20. Ne3 Bh6 21. Qc2 Ne7 22. Rad1 b5 23. d5 Qe5 24. Qb3 Kh8 25. Nc2 Bg7 26. Bxa7 h5 27. Bd4 Qg5 28. Be3 Qg4 29. Bf4 g5 30. Ne3 1-0

[Event "CZE-ch Juniors op-A"]
[Site "Kouty nad Desnou"]
[Date "2009.03.07"]
[Round "1"]
[White "Palek, Miroslav"]
[Black "Stukheil, Martin"]
[Result "1-0"]
[WhiteElo "2240"]
[BlackElo "1909"]
[PlyCount "167"]
[EventDate "2009.03.07"]
[EventType "swiss"]
[EventRounds "9"]
[EventCountry "CZE"]
[SourceTitle "EXT 2011"]
[Source "ChessBase"]
[SourceDate "2010.11.26"]
[SourceVersion "1"]
[SourceVersionDate "2010.11.26"]
[SourceQuality "1"]

1. e4 e5 2. Nf3 Nf6 3. Nc3 Nc6 4. Bb5 Nd4 5. Nxe5 Nxb5 6. Nxb5 c6 7. Nc3 Qe7 8. d4 d6 9. Nf3 Nxe4 10. 0-0 Nxc3 11. bxc3 Qd8 12. Re1+ Be7 13. Qe2 Be6 14. c4 d5 15. cxd5 cxd5 16. Rb1 b6 17. Ne5 Rc8 18. Qb5+ Kf8 19. Qa4 Qc7 20. Ba3 Bxa3 21. Qxa3+ Qe7 22. Qa4 f6 23. Nd3 Qd7 24. Qa3+ Kf7 25. Re2 Rhe8 26. Rbe1 Bf5 27. Rxe8 Rxe8 28. Rxe8 Kxe8 29. Qb3 Bxd3 30. Qxd3 Qe6 31. Kf1 g6 32. Qg3 Ke7 33. Qb8 Qd7 34. Ke1 Ke6 35. Kd2 Qe7 36. Qc8+ Kd6 37. f3 Qc7 38. Qa6 Qe7 39. Qa3+ Ke6 40. Qe3+ Kd6 41. Qb3 Qc7 42. a4 Qd7 43. Qb4+ Ke6 44. Qb5 Qc7 45. Qe8+ Kd6 46. Qb5 Ke6 47. g3 Kd6 48. Kd3 Qc8 49. Qb4+ Ke6 50. Kd2 Qc7 51. Qb5 Kd6 52. Qa6 Qd7 53. Kc1 Qc7 54. Kb2 Ke6 55. Kb3 Kd7 56. c3 f5 57. Qb5+ Kd6 58. Qe2 Kd7 59. Qe5 Qc4+ 60. Kb2 b5 61. Qg7+ Kc8 62. Qg8+ Kd7 63. Qxh7+ Kd8 64. Qg8+ Ke7 65. Qg7+ Kd8 66. Qf8+ Kd7 67. axb5 Qxb5+ 68. Qb4 Qe2+ 69. Ka3 Qxf3 70. Qb5+ Ke7 71. Kb4 g5 72. Qb7+ Ke6 73. Qa6+ Ke7 74. Qxa7+ Kf6 75. Qb6+ Ke7 76. Qc7+ Ke6 77. Qe5+ Kf7 78. h4 gxh4 79. gxh4 Kg6 80. Qe8+ Kf6 81. h5 Qh1 82. Qg6+ Ke7 83. Qxf5 Qg2 84. Kc5 1-0

[Event "Sec Svetla op"]
[Site "Sec u Chrudimi"]
[Date "2008.10.30"]
[Round "7"]
[White "Stukheil, Martin"]
[Black "Kraus, Tomas"]
[Result "1/2-1/2"]
[WhiteElo "1911"]
[BlackElo "2025"]
[PlyCount "30"]
[EventDate "2008.10.25"]
[EventType "swiss"]
[EventRounds "9"]
[EventCountry "CZE"]
[SourceTitle "EXT 2023"]
[Source "ChessBase"]
[SourceDate "2022.10.05"]
[SourceVersion "1"]
[SourceVersionDate "2022.10.05"]
[SourceQuality "1"]

1. e4 c5 2. Nf3 d6 3. d4 cxd4 4. Nxd4 Nf6 5. Nc3 a6 6. Be2 e5 7. Nf3 Be7 8. Bg5 Nbd7 9. 0-0 0-0 10. Qd2 b5 11. a3 Bb7 12. Qe3 Rc8 13. Rad1 Qc7 14. Nh4 g6 15. Bh6 Rfd8 1/2-1/2

[Event "Sec Svetla op"]
[Site "Sec u Chrudimi"]
[Date "2008.10.29"]
[Round "6"]
[White "Stukheil, Martin"]
[Black "Sladek, Jaroslav"]
[Result "1/2-1/2"]
[WhiteElo "1911"]
[BlackElo "2036"]
[PlyCount "25"]
[EventDate "2008.10.25"]
[EventType "swiss"]
[EventRounds "9"]
[EventCountry "CZE"]
[SourceTitle "EXT 2023"]
[Source "ChessBase"]
[SourceDate "2022.10.05"]
[SourceVersion "1"]
[SourceVersionDate "2022.10.05"]
[SourceQuality "1"]

1. e4 d5 2. exd5 Nf6 3. d4 Qxd5 4. c4 Qe4+ 5. Be3 e5 6. Nc3 Bb4 7. Qd3 exd4 8. Qxd4 Nc6 9. Qxe4+ Nxe4 10. Nge2 Bf5 11. a3 Nxc3 12. Nxc3 Bxc3+ 13. bxc3 1/2-1/2

[Event "Sec Svetla op"]
[Site "Sec u Chrudimi"]
[Date "2008.10.26"]
[Round "2"]
[White "Stukheil, Martin"]
[Black "Bednar, Marcel"]
[Result "0-1"]
[WhiteElo "1911"]
[BlackElo "2210"]
[PlyCount "62"]
[EventDate "2008.10.25"]
[EventType "swiss"]
[EventRounds "9"]
[EventCountry "CZE"]
[SourceTitle "EXT 2023"]
[Source "ChessBase"]
[SourceDate "2022.10.05"]
[SourceVersion "1"]
[SourceVersionDate "2022.10.05"]
[SourceQuality "1"]

1. e4 c5 2. Nf3 e6 3. d4 cxd4 4. Nxd4 a6 5. Bd3 Qc7 6. Be3 Nf6 7. 0-0 d6 8. Nc3 Be7 9. f4 0-0 10. h3 b5 11. Nf3 Nbd7 12. g4 b4 13. Ne2 Bb7 14. Ng3 d5 15. e5 Ne4 16. Bxe4 dxe4 17. Nd2 Rad8 18. Rc1 Nb6 19. Qe2 Nd5 20. Ndxe4 Qc6 21. g5 Rd7 22. c4 bxc3 23. bxc3 Nxe3 24. Qxe3 Rfd8 25. Qe2 Qa4 26. Qc2 Qc4 27. Kh2 Rd3 28. Qb3 Rd2+ 29. Rf2 Rxf2+ 30. Nxf2 Qxf4 31. Qb2 Rd2 0-1

[Event "CZE-ch Juniors op-A"]
[Site "Sec u Chrudimi"]
[Date "2008.03.08"]
[Round "1"]
[White "Novacek, Karel"]
[Black "Stukheil, Martin"]
[Result "1-0"]
[WhiteElo "2121"]
[BlackElo "1878"]
[PlyCount "49"]
[EventDate "2008.03.08"]
[EventType "swiss"]
[EventRounds "9"]
[EventCountry "CZE"]
[SourceTitle "EXT 2009"]
[Source "ChessBase"]
[SourceDate "2008.11.26"]
[SourceVersion "1"]
[SourceVersionDate "2008.11.26"]
[SourceQuality "1"]

1. e4 e5 2. d4 exd4 3. Qxd4 Nc6 4. Qe3 d6 5. Bd2 Be7 6. Nc3 Bf6 7. 0-0-0 Be6 8. f4 Nge7 9. Nf3 g6 10. h3 h5 11. Nd5 Bg7 12. Bc3 Bxc3 13. Qxc3 Kd7 14. Bb5 Kc8 15. Ne3 Bd7 16. Rhe1 a6 17. Ba4 Rf8 18. Rd2 f5 19. e5 Nxe5 20. fxe5 Bxa4 21. exd6 Ng8 22. Nd5 Qxd6 23. Ne7+ Qxe7 24. Rxe7 Nxe7 25. Qb4 1-0

[Event "Sec op-A"]
[Site "Sec u Chrudimi"]
[Date "2007.10.24"]
[Round "6"]
[White "Stukheil, Martin"]
[Black "Sochorova, Jana"]
[Result "1/2-1/2"]
[WhiteElo "1882"]
[BlackElo "1885"]
[PlyCount "20"]
[EventDate "2007.10.20"]
[EventType "swiss"]
[EventRounds "9"]
[EventCountry "CZE"]
[SourceTitle "EXT 2022"]
[Source "ChessBase"]
[SourceDate "2021.10.06"]
[SourceVersion "1"]
[SourceVersionDate "2021.10.06"]
[SourceQuality "1"]

1. d4 d5 2. c4 e6 3. Nc3 Nf6 4. cxd5 exd5 5. Bg5 Be7 6. e3 0-0 7. Bd3 c6 8. Nf3 Re8 9. Qc2 Nbd7 10. 0-0 Nf8 1/2-1/2

[Event "Sec op-A"]
[Site "Sec u Chrudimi"]
[Date "2007.10.22"]
[Round "3"]
[White "Havelka, Petr"]
[Black "Stukheil, Martin"]
[Result "1/2-1/2"]
[WhiteElo "1977"]
[BlackElo "1882"]
[PlyCount "33"]
[EventDate "2007.10.20"]
[EventType "swiss"]
[EventRounds "9"]
[EventCountry "CZE"]
[SourceTitle "EXT 2022"]
[Source "ChessBase"]
[SourceDate "2021.10.06"]
[SourceVersion "1"]
[SourceVersionDate "2021.10.06"]
[SourceQuality "1"]

1. d4 d5 2. c4 e6 3. Nc3 Nf6 4. Bg5 Be7 5. Nf3 0-0 6. e3 Nbd7 7. Rc1 Re8 8. Bd3 dxc4 9. Bxc4 Nb6 10. Be2 Nfd5 11. Nxd5 exd5 12. Bxe7 Qxe7 13. 0-0 Bf5 14. Bd3 Bxd3 15. Qxd3 c6 16. Qf5 Qe6 17. Qxe6 1/2-1/2

[Event "Sec op-A"]
[Site "Sec u Chrudimi"]
[Date "2007.10.20"]
[Round "1"]
[White "Bartos, Alois"]
[Black "Stukheil, Martin"]
[Result "1-0"]
[WhiteElo "2069"]
[BlackElo "1882"]
[PlyCount "95"]
[EventDate "2007.10.20"]
[EventType "swiss"]
[EventRounds "9"]
[EventCountry "CZE"]
[SourceTitle "EXT 2022"]
[Source "ChessBase"]
[SourceDate "2021.10.06"]
[SourceVersion "1"]
[SourceVersionDate "2021.10.06"]
[SourceQuality "1"]

1. e4 e5 2. Nf3 Nf6 3. Nxe5 d6 4. Nf3 Nxe4 5. d4 d5 6. c4 Bb4+ 7. Nbd2 Nxd2 8. Bxd2 Bxd2+ 9. Qxd2 0-0 10. cxd5 Qxd5 11. Be2 Be6 12. 0-0 Nd7 13. Rfc1 c6 14. Qb4 Rab8 15. Qa3 a6 16. Bc4 Qf5 17. Bxe6 Qxe6 18. Re1 Qd5 19. Re7 Rbe8 20. Rae1 Rxe7 21. Rxe7 f6 22. Qb4 Rf7 23. Rxf7 Qxf7 24. Qxb7 Qxa2 25. h3 Qd5 26. Qxa6 Nf8 27. Qc8 Kf7 28. Qc7+ Kg8 29. Qe7 Qb5 30. b4 Qc4 31. Qc5 Qe6 32. b5 cxb5 33. Qxb5 Nd7 34. d5 Qe7 35. Qc6 Kf7 36. d6 Qd8 37. g3 Nf8 38. Qc7+ Qd7 39. Nd4 Ke8 40. Qb8+ Qd8 41. Qb5+ Qd7 42. Qd5 g6 43. Kh2 f5 44. Qe5+ Kf7 45. h4 Ne6 46. Qd5 h6 47. Nc6 Ke8 48. Ne5 1-0

[Event "Havlickuv Brod Vysocina op-A"]
[Site "Havlickuv Brod"]
[Date "2006.09.25"]
[Round "3.29"]
[White "Stukheil, Martin"]
[Black "Sochorova, Jana"]
[Result "0-1"]
[WhiteElo "1952"]
[BlackElo "1761"]
[PlyCount "56"]
[EventDate "2006.09.23"]
[EventType "swiss"]
[EventRounds "9"]
[EventCountry "CZE"]
[SourceTitle "CBM 114 Extra"]
[Source "ChessBase"]
[SourceDate "2006.11.03"]
[SourceVersion "1"]
[SourceVersionDate "2006.11.03"]
[SourceQuality "1"]

1. e4 c6 2. d4 d5 3. e5 Bf5 4. g4 Bg6 5. h4 h6 6. h5 Bh7 7. e6 fxe6 8. Bd3 Bxd3 9. Qxd3 Qd6 10. Nf3 Nd7 11. Qg6+ Kd8 12. 0-0 e5 13. Qxd6 exd6 14. Re1 e4 15. Nh4 Ngf6 16. Ng6 Rg8 17. Nxf8 Rxf8 18. g5 hxg5 19. Bxg5 Kc7 20. h6 gxh6 21. Bxh6 Rh8 22. Be3 Rag8+ 23. Kf1 Rh1+ 24. Ke2 Rxe1+ 25. Kxe1 Rg1+ 26. Kd2 Ng4 27. a4 Nxe3 28. fxe3 Nf6 0-1

[Event "CZE-ch Juniors op-A"]
[Site "Zlate Hory"]
[Date "2006.03.18"]
[Round "9"]
[White "Slepankova, Radka"]
[Black "Stukheil, Martin"]
[Result "1-0"]
[WhiteElo "1962"]
[BlackElo "1522"]
[PlyCount "39"]
[EventDate "2006.03.11"]
[EventType "swiss"]
[EventRounds "9"]
[EventCountry "CZE"]
[SourceTitle "EXT 2008"]
[Source "ChessBase"]
[SourceDate "2007.11.25"]
[SourceVersion "1"]
[SourceVersionDate "2007.11.25"]
[SourceQuality "1"]

1. e4 e5 2. Nc3 Nf6 3. g3 d5 4. exd5 Nxd5 5. Bg2 Be6 6. Nge2 Bc5 7. Na4 Be7 8. d4 exd4 9. Nxd4 Qc8 10. 0-0 c6 11. Nxe6 Qxe6 12. Re1 Qf5 13. Qe2 Qf6 14. c4 Nc7 15. Nc5 b6 16. Bf4 bxc5 17. Bxc7 Kd7 18. Be5 Qg5 19. f4 Qf5 20. Bxb8 1-0